Guess the 1960s song lyrics #304 - Statistics

General Stats
  • This quiz has been taken 9 times
  • The average score is 62 of 141
Answer Stats
Answer % Correct
the
100%
a
86%
her
86%
I
86%
night
86%
and
71%
And
71%
blue
71%
Blue
71%
can
71%
Love
71%
love
71%
She
71%
she
71%
velvet
71%
was
71%
were
71%
wore
71%
be
57%
eyes
57%
of
57%
than
57%
when
57%
Bluer
43%
Bobby Vinton
43%
heart
43%
in
43%
Like
43%
my
43%
see
43%
always
29%
But
29%
From
29%
still
29%
tears
29%
Through
29%
through
29%
years
29%
Feeling
14%
gone
14%
left
14%
light
14%
May
14%
memory
14%
ours
14%
Ours
14%
Softer
14%
there'll
14%
warm
14%
Warmer
14%
Woah
14%
woah
14%
brightly
0%
burning
0%
flame
0%
glow
0%
grow
0%
held
0%
Precious
0%
rapture
0%
satin
0%
sighs
0%
stars
0%
tender
0%
tightly
0%
No matching quizzes found
Score Distribution
Percent of People with Each Score
Percentile by Number Answered
Your Score History
You have not taken this quiz